| 000 | 01184nam a2200265 i 4500 | ||
|---|---|---|---|
| 001 | 19319 | ||
| 003 | ES-MaACL | ||
| 005 | 20240428063028.0 | ||
| 007 | t| | ||
| 008 | 020710s1920 sp f |||| | spa d | ||
| 080 | _a629.5.01(460)(091) | ||
| 100 | 1 |
_aArtiñano y Galdácano, Gervasio de, _923486 _d1873-1938 _eaut |
|
| 245 | 1 | 3 |
_aLa arquitectura naval española (en madera) : _bbosquejo de sus condiciones y rasgos de su evolución / _cpor Gervasio de Artiñano y de Galdácano. |
| 260 |
_aMadrid : _b[s.n.], _c1920 _e(Barcelona : _fOliva de Vilanova) |
||
| 300 |
_a427 páginas, 70 hojas, 70 láminas, 4 hojas ; _c32 cm. |
||
| 500 | _aConferencias organizadas por el Instituto de Ingenieros Civiles de España en el Ateneo de Madrid, mayo de 1914 | ||
| 530 | _aDisponible en formato digital | ||
| 610 | 2 | 4 |
_aAteneo de Madrid- _vConferencias- _y1900-1939 _91907 |
| 650 |
_aArquitectura naval- _zEspaña. _910039 |
||
| 852 |
_aES-MaACL _cDEPO2 _jG-1952 |
||
| 856 |
_uhttp://bdh-rd.bne.es/viewer.vm?id=0000165122&page=1 _yVersión en línea _z(Biblioteca Digital Hispánica) |
||
| 942 |
_2udc _cMONOGRAFIA _n0 |
||
| 999 |
_c19319 _d19319 |
||